000
00187 a2200097 4500
020
_a
078073003990
041
_a
eng
100
_a
Robert Stine
245
_a
Calling all creeps
942
_c
BK
999
_c
29356
_d
29354